Los conceptos de apropiación y poder en la teoría económica de Max Weber /
El artículo se constituye en una primera investigación sobre el concepto de apropiación de Max Weber, en particular sobre la relación que éste establece con la noción de poder. Luego de ofrecer una caracterización general del concepto, el autor se concentra en la reconstrucción y el análisis de las...
Gorde:
| Egile nagusia: | |
|---|---|
| Formatua: | Texto |
| Gaiak: | |
| Etiketak: |
Etiketa erantsi
Etiketarik gabe, Izan zaitez lehena erregistro honi etiketa jartzen!
|
MARC
| LEADER | 00000 a a2200000 04500 | ||
|---|---|---|---|
| 001 | 41836 | ||
| 003 | |||
| 040 | |a CRAI/IIS |c CRAI/IIS | ||
| 100 | |a Torres Castaños, Esteban | ||
| 245 | |a Los conceptos de apropiación y poder en la teoría económica de Max Weber / |c Esteban Torres Castaños | ||
| 520 | |a El artículo se constituye en una primera investigación sobre el concepto de apropiación de Max Weber, en particular sobre la relación que éste establece con la noción de poder. Luego de ofrecer una caracterización general del concepto, el autor se concentra en la reconstrucción y el análisis de las relaciones que propone Weber entre la apropiación y el poder, y entre la apropiación y la economía. | ||
| 590 | |a RRH/AGOSTO2012 | ||
| 650 | |a TEORIA | ||
| 650 | |a ECONOMIA | ||
| 650 | |a SOCIEDAD | ||
| 650 | |a PODER | ||
| 650 | |a GRUPOS | ||
| 773 | |g volumen42, número165 (abril-junio , 2011), páginas 141-160 | ||
| 999 | |c 19603 |d 19603 | ||
